000 00456nam a22001217a 4500
040 _cHS
082 _a338
100 _aចាន់ ប៊ុននិវត្តន៍
245 _aEconomics development សេដ្ឋកិច្ចអភិវឌ្ឍន៍
260 _aវិទ្យាស្ថានអន្តរជាតិនៃកម្ពុជា
_bចាន់ ប៊ុននិវត្តន៍
_c2007
300 _a221p;
942 _cKB
999 _c9744
_d9744